Strength & testing of materials. (Record no. 545067)

000 -LEADER
fixed length control field 00794cam a22001811 4500
082 ## - DEWEY DECIMAL CLASSIFICATION NUMBER
Classification number 620.112
Author Mark STR
-- L-21, P-31
110 1# - MAIN ENTRY--CORPORATE NAME
Corporate name or jurisdiction name as entry element Great Britain.
9 (RLIN) 39715
245 10 - TITLE STATEMENT
Title Strength & testing of materials.
260 ## - PUBLICATION, DISTRIBUTION, ETC.
Place of publication, distribution, etc. London,
Name of publisher, distributor, etc. Published for the Technical Information and Documents Unit of the Dept. of Scientific and Industrial Research by H. M. Stationery Off.,
Date of publication, distribution, etc. 1952.
300 ## - PHYSICAL DESCRIPTION
Extent 260 p,;
Other physical details illus.
Dimensions 25 cm.
490 1# - SERIES STATEMENT
Series statement Great Britain. Dept. of Scientific and Industrial Research. Selected Government research reports,
505 0# - FORMATTED CONTENTS NOTE
Formatted contents note pt. 1. Theoretical papers on strength and deformation.--pt. 2. Testing methods and test results.
526 ## - STUDY PROGRAM INFORMATION NOTE
Program name 0
Interest level 0
Reading level 0
Title point value 620_112000000000000_STR
650 #0 - SUBJECT ADDED ENTRY--TOPICAL TERM
Topical term or geographic name entry element MCE
9 (RLIN) 379
650 #0 - SUBJECT ADDED ENTRY--TOPICAL TERM
Topical term or geographic name entry element Strength of materials.
9 (RLIN) 563
650 #0 - SUBJECT ADDED ENTRY--TOPICAL TERM
Topical term or geographic name entry element Testing.
9 (RLIN) 40531
942 ## - ADDED ENTRY ELEMENTS (KOHA)
Source of classification or shelving scheme
Koha item type Book
Holdings
Withdrawn status Lost status Source of classification or shelving scheme Damaged status Not for loan Permanent Location Current Location Date acquired Total Checkouts Full call number Barcode Date last seen Price effective from Koha item type
          Military College of Engineering (MCE) Military College of Engineering (MCE) 05/16/2014   620.112 STR MCE-29421 05/16/2014 05/16/2014 Book
© 2023 Central Library, National University of Sciences and Technology. All Rights Reserved.